000 00740cab a22001935a 4500
001 L155097
008 120229e2012 xxk 000 0 eng d
035 _a(Sirsi) u155097
041 0 _aeng
110 2 _aEuroProperty
_91216
245 0 0 _aKey data
_bthe listed sector
260 _c2012
490 0 _aEuroProperty
_v20 February 2012, 23(1)
520 _aEurope's listed property sector posts positive growth of 4.34% reversing December 2011's decline. Tables cover: listed property performance v bonds and equities; top and bottom five European stocks; EPRA global real estate index performance; and property performance v equities and bonds.
590 _aKA
651 4 _aSpain
690 _aCommercial property
_96227
942 _n0
999 _c83813
_d83813